000 00691nam a2200205 i 4500
001 91503
003 ES-MaACL
005 20230906180733.0
007 t|
008 050131s1971 sp ||||1| spa d
110 0 0 _aEspaña.
_tLeyes, etc.
_9184149
245 1 0 _aLey de 2 de enero de 1942 sobre cooperación
_b: Reglamento de 11 de noviembre de 1943... y Estatuto Fiscal de las Cooperativas.
250 _a5ª ed.
260 _a[Madrid] :
_bInstituto Editorial Reus,
_c1971.
300 _a74 p. ;
_c17 cm.
490 1 _aBiblioteca oficial legislativa ;
_v167
830 0 _aBiblioteca oficial legislativa ;
_v167
_9184191
852 _aES-MaACL
_jC-40792
_bR.79199
999 _c91503
_d91503